Aktuálne problémy a výzvy regionálneho rozvoja SR bakalárska práca

Saved in:
Bibliographic Details
Main Author: Pilárová, Natália
Corporate Author: Národohospodárska fakulta EU. Katedra financií
Other Authors: Kováč Gerulová, Lukrécia, 1978-
Format: Book
Language:Slovak
Published: Bratislava 2021
Tags: Add Tag
No Tags, Be the first to tag this record!

MARC

LEADER 00000nbm a2200000 4500
001 0275213
005 20211210125029.0
041 0 |a slo 
044 |a SK 
245 1 0 |a Aktuálne problémy a výzvy regionálneho rozvoja SR  |b bakalárska práca  |c Natália Pilárová ; školiteľ: Lukrécia Kováč Gerulová 
264 1 |a Bratislava  |c 2021 
300 |a 53 s. 
100 1 |a Pilárová, Natália 
700 1 |a Kováč Gerulová, Lukrécia, 1978- 
710 2 |a Národohospodárska fakulta EU. Katedra financií